| Tag |
First Indicator |
Second Indicator |
Subfields |
| LEADER |
00000cam a22000001a 4500 |
| 001 |
in00004102913 |
| 005 |
20200117092557.0 |
| 006 |
m d f |
| 007 |
cr bn mmmapmmp |
| 008 |
120424s2012 mdua o f000 0 eng d |
| 035 |
|
|
|a chdc20120048
|
| 040 |
|
|
|a UMI
|c UMI
|d UtOrBLW
|
| 043 |
|
|
|a n-us---
|
| 086 |
0 |
|
|a Y 4.AR 5/2 A:2011-2012/81
|
| 110 |
1 |
|
|a United States.
|b Congress.
|b House.
|b Committee on Armed Services.
|0 http://id.loc.gov/authorities/names/n81038423
|
| 245 |
1 |
0 |
|a Economic consequences of defense sequestration :
|b Committee on Armed Services, House of Representatives, One Hundred Twelfth Congress, first session, hearing held October 26, 2011.
|
| 264 |
|
1 |
|a Bethesda, Md. :
|b ProQuest,
|c 2012.
|
| 300 |
|
|
|a iii, 101 pages :
|b illustrations, digital, PDF file.
|
| 336 |
|
|
|a text
|b txt
|2 rdacontent
|
| 337 |
|
|
|a computer
|b c
|2 rdamedia
|
| 338 |
|
|
|a online resource
|b cr
|2 rdacarrier
|
| 500 |
|
|
|a Shipping list number: 2012-0085-P.
|
| 500 |
|
|
|a "H.A.S.C. number 112-81."
|
| 500 |
|
|
|a Record is based on bibliographic data in ProQuest Congressional Hearings Digital Collection. Reuse except for individual research requires license from ProQuest, LLC.
|
| 500 |
|
|
|a Electronic resource.
|
| 533 |
|
|
|a Electronic reproduction.
|b [Bethesda, Md.] :
|c ProQuest,
|d 2012.
|e digital, PDF file.
|n ProQuest Congressional Hearings Digital Collection.
|n Mode of access: World Wide Web via ProQuest website.
|
| 538 |
|
|
|a System requirements: PDF reader software.
|
| 610 |
1 |
0 |
|a United States.
|b Department of Defense
|x Appropriations and expenditures.
|0 http://id.loc.gov/authorities/subjects/sh85140827
|
| 650 |
|
0 |
|a Sequestration (Public finance)
|z United States.
|
| 650 |
|
0 |
|a National security
|x Economic aspects
|z United States.
|
| 650 |
|
0 |
|a Defense industries
|z United States.
|
| 651 |
|
0 |
|a United States
|x Armed Forces
|x Appropriations and expenditures.
|0 http://id.loc.gov/authorities/subjects/sh85139808
|
| 651 |
|
0 |
|a United States
|x Defenses
|x Economic aspects.
|
| 776 |
0 |
8 |
|i Print version:
|a United States. Congress. House. Committee on Armed Services.
|t Economic consequences of defense sequestration
|w 2011487635
|w (OCoLC)ocn777216272
|z 9780160903601
|z 0160903602
|
| 776 |
0 |
8 |
|i Microfiche version:
|a United States. Congress. House. Committee on Armed Services.
|t Economic consequences of defense sequestration
|d [Bethesda, Md.] : ProQuest,[2012]
|o CIS 2012 H201-13
|w (ProQuest)cis01200081
|
| 856 |
4 |
0 |
|u http://proxy.library.tamu.edu/login?url=http://search.proquest.com/congcomp/getdoc?HEARING-ID=HRG-2011-ASH-0068
|y Electronic resource (PDF)
|t 0
|
| 998 |
|
|
|a cis01200081
|
| 999 |
f |
f |
|s 9fb4a29a-8c27-338d-8057-1b763dc487ea
|i 794a2f8a-8b05-3900-8ada-631bfa5ab5f2
|t 0
|
| 952 |
f |
f |
|a Texas A&M University
|b College Station
|c Electronic Resources
|d Available Online
|t 0
|e Y 4.AR 5/2 A:2011-2012/81
|h Superintendent of Documents classification
|
| 998 |
f |
f |
|a Y 4.AR 5/2 A:2011-2012/81
|t 0
|l Available Online
|